[Event "SUI-ch"]
[Site "Pontresina"]
[Date "2000.07.14"]
[Round "2"]
[White "Zueger, Beat"]
[Black "Wirthensohn, Heinz"]
[Result "1-0"]
[WhiteElo "2416"]
[BlackElo "2404"]
[Annotator "Tsesarsky,I"]
[PlyCount "53"]
[EventDate "2000.07.13"]
[EventType "tourn"]
[EventRounds "9"]
[EventCountry "SUI"]
[EventCategory "9"]
[SourceTitle "CBM 079"]
[Source "ChessBase"]
[SourceDate "2000.11.21"]
[SourceVersion "1"]
[SourceVersionDate "2000.11.21"]
[SourceQuality "1"]

1. e4 c5 2. Nf3 g6 3. d4 Bg7 4. d5 Nf6 5. Nc3 d6 6. Bb5+ Bd7 7. a4 O-O 8. O-O
Na6 (8... Bg4 $5 {Chekhov} 9. Re1 Nbd7 10. h3 Bxf3 11. Qxf3 Ne8 12. Bf1 e5 13.
dxe6 fxe6 14. Qe2 Qe7 15. Be3 a6 $14 {Gurevich,D-Mortazavi,A/London/1994/1|0/
37/}) 9. Re1 Nc7 (9... Bxb5 $5 {Chekhov} 10. axb5 Nc7 11. Qd3 a6 12. b6 Nb5 13.
Nxb5 axb5 14. Rxa8 Qxa8 15. Qxb5 Qa6 16. Qxa6 bxa6 17. Bg5 Rb8 18. Nd2 Rxb6 19.
Nc4 Rb4 20. b3 $14 {Piket,J-Ree,H/NED/1993/0,5/28/}) (9... Bg4 $5 {Chekhov} 10.
h3 Bxf3 11. Qxf3 Nd7 12. Qe2 Nc7 $132 {Mainka,R-Polgar,Z/Polanica Zdroj/1991/0,
5/13/}) 10. Bf1 Bg4 $5 (10... Nfe8 {see commented game 1-0 Renet,O-Kotsur,P/
Moscow 1994/CBM 44 ext/[Vaisser] (51)}) (10... a6 11. a5 (11. Bf4 b5 12. e5
$132 {2.02-2.08. 1/2-1/2 Alvarez Ibarra,D-Gonzalez,B/Capablanca mem-B 1993/CBM
35 ext (46)}) (11. e5 dxe5 12. Nxe5 Be8 13. Bc4 $14 {1-0 Sukharisingh,
R-Schikowsky,A/Duesseldorf 1995/EXT 99 (25)}) 11... Nb5 (11... e5 $6 12. Na4
$16 {1-0 Piket,J-Thorhallsson,T/Groningen 1986/EXT 97 (42)}) (11... Bb5 12. Nb1
Bxf1 13. Kxf1 Nd7 14. Nbd2 b5 15. axb6 Nxb6 16. c4 e5 17. Qc2 $14 {1/2-1/2
Zhang Weida-Wang Yuemin/PRC-ch 1987/EXT 97 (58)}) 12. Nb1 (12. Bd2 Nd4 13. Na4
Bg4 14. c3 Nxf3+ 15. gxf3 Bh5 $132 {0-1 Hebelka,M-Banas,J/Bratislava 1993/EXT
97 (96)}) 12... Bg4 13. h3 Bxf3 14. Qxf3 e6 15. c3 Re8 16. Rd1 exd5 17. exd5
Nd7 $14 {1-0 Davies,N-Knoppert,E/Copenhagen 1984/EXT 2000 (55)}) (10... e5 $6
11. dxe6 Bxe6 12. Bf4 Nfe8 13. Qd2 d5 14. exd5 Nxd5 15. Rad1 Nec7 16. Bg5 $16 {
1-0 Elissalt Cardenas,H-Arribas,M/Havana 1998/EXT 99 (45)}) 11. h3 Bxf3 12.
Qxf3 Nd7 (12... e6 $5 {see comments to the game 1-0 Speelman,J-Djurhuus,R/
Copenhagen 1996/CBM 54/[Speelman,J] (40)}) 13. Bg5 (13. Nd1 e6 14. Qb3 $5 (14.
dxe6 fxe6 15. Qg3 Nf6 16. Qb3 b6 17. g3 d5 $132 {0-1 Garcia Palermo,C-Franco
Ocampo,Z/Canete 1994/EXT 97 (33)}) 14... Rb8 15. Nc3 $5 $14 (15. Bc4 exd5 16.
exd5 Ne5 $132)) 13... h6 14. Bd2 a6 ({In my opinion, better is} 14... b6 {
with the same idea - b6-b5.} 15. Ra2 a6 16. Qg3 $14) 15. a5 $1 b5 16. axb6 Nxb6
17. Nd1 $14 {[%cal Gc2c3]} Qd7 (17... Nb5 18. c3 $14 {[%csl Gd4]}) 18. Ba5 Rab8
19. Ne3 $1 {White doesn't afraid from Pb2 loss!} (19. c3 $14) 19... Bxb2 $2 {
[%mdl 16384]} (19... e6 20. c3 $14) 20. Rab1 {[%csl Rb6][%cal Gb1b6]} Na4 (
20... Nba8 21. c3 Rb3 (21... Qa4 22. Nc4 Rb5 23. Bxc7 $18) 22. Nc4 Rfb8 23. Qd1
$18 {[%csl Rb2,Rb3][%cal Gd1c2] and Black can't release from the pin.}) 21. Nc4
Bg7 22. Qa3 {[%csl Ra4] Now Na4 in trouble.} Na8 23. c3 {Preparing manoeuvre
Bf1-d3-c2} Rfc8 $2 $18 {Black ignores White threat...} (23... f5 $142 24. Bd3
fxe4 25. Bxe4 $16 {[%csl Ra4]}) 24. Bd3 Kh7 25. Bc2 Nxc3 26. Bxc3 Bxc3 27. Qxc3
1-0

[Event "RUS Cup final 4th"]
[Site "Elista"]
[Date "2000.08.21"]
[Round "3"]
[White "Volkov, Sergey"]
[Black "Kotsur, Pavel"]
[Result "1-0"]
[WhiteElo "2554"]
[BlackElo "2589"]
[Annotator "Tsesarsky,I"]
[PlyCount "97"]
[EventDate "2000.08.19"]
[EventType "tourn"]
[EventRounds "11"]
[EventCountry "RUS"]
[EventCategory "12"]
[SourceTitle "CBM 079"]
[Source "ChessBase"]
[SourceDate "2000.11.21"]
[SourceVersion "1"]
[SourceVersionDate "2000.11.21"]
[SourceQuality "1"]

1. d4 e6 2. c4 c5 3. d5 exd5 4. cxd5 d6 5. Nc3 g6 6. g3 Bg7 7. Bg2 Nh6 $5 {
Interesting novelty! Black Bg7 doesn't closed by Nf6. In othe side, h6 - is
not the best place for N.} (7... Nf6 {-theory mailine}) 8. Qa4+ $1 {White
tries immediately refute strange previous move of Black.} (8. Nf3 O-O 9. O-O
$132) 8... Bd7 (8... Nd7 $142 9. Qe4+ (9. Nf3 O-O $132) 9... Ne5 10. f4 f5 11.
Qc2 Nd7 12. Nf3 $132) 9. Qe4+ Qe7 (9... Kf8 10. Nf3 $14) 10. Bf4 f5 (10... Nf5
11. Qxe7+ (11. g4 Nh4 12. Qxe7+ Kxe7 13. Bg5+ Bf6 14. Bxf6+ Kxf6 15. Ne4+ Ke7
16. Bh3 $132) 11... Kxe7 12. Nf3 $14) 11. Qxe7+ Kxe7 12. e4 (12. Nf3 Nf7 13.
Ng5 (13. O-O h6 $11) 13... Ne5 14. O-O $14 (14. O-O-O $5 $14)) 12... Nf7 13.
O-O-O Na6 14. Nf3 Rhe8 15. Rhe1 $2 $132 ({Better was immediately} 15. Ng5 $1 {
and after} Nxg5 16. Bxg5+ Kf8 {White can play} 17. Bf4 $1 {[%csl Rd6]} (17.
Rhe1 {-position from this game.}) 17... Be5 18. Bxe5 dxe5 (18... Rxe5 19. f4
Ree8 20. Rhe1 $16) 19. Bf1 Nc7 20. exf5 gxf5 21. Be2 {[%cal Ge2h5] Threatening
Bh5.} (21. Bg2 e4 $14) 21... Red8 22. Rhe1 $16) 15... Kf8 16. Ng5 $1 Nxg5 17.
Bxg5 Be5 $1 {Preventing Bf4.} 18. Bh6+ ({After} 18. exf5 $5 Bxf5 19. Ne4 Nc7 $1
{[%cal Gc7b5,Gc7e8] Black would equalize:} 20. h3 ({or} 20. f4 Bxe4 21. Rxe4
Bg7 $11) 20... Bxe4 (20... Nb5 21. g4 Bxe4 22. Rxe4 Kf7 23. Rde1 Nc7 24. h4 Bf6
25. Bf4 Rxe4 26. Bxe4 Rd8 27. g5 $14) 21. Bxe4 Kg7 $11 (21... Kf7 22. Rd3 $5))
18... Kf7 ({Not} 18... Bg7 $2 19. Bf4 $16) 19. exf5 Bxf5 20. Ne4 c4 $5 {
[%cal Ga6c5]} ({It was possible also to change dangerous Ne4:} 20... Bxe4 $5
21. Rxe4 (21. Bxe4 c4 $1 $132) 21... Bg7 22. Bf4 Rxe4 23. Bxe4 Re8 24. f3 Be5
25. Bd2 $132) 21. Ng5+ Kg8 22. Be4 Nc5 ({Here also possible to play} 22... Bxe4
$5 23. Rxe4 {[%csl Rc4]} c3 $1 (23... Nb4 24. Kb1 b5 25. f4 Bf6 26. Rde1 $14)
24. bxc3 (24. b3 Rac8 $132) 24... Bxc3 25. Ne6 Rac8 26. Kb1 Nc7 $132 {[%cal
Gc7b5]}) 23. Bxf5 gxf5 {[%cal Gc5d3]} 24. Kb1 Nd3 25. Re2 Bg7 $1 {Forcing 2
pairs of pieces change.} ({Well was to change virtual weakness f5:} 25... f4
$132) 26. Rxe8+ Rxe8 27. Bxg7 Kxg7 28. Ne6+ Kf6 {[%cal Gf6e5]} 29. f4 $8 Nb4 (
29... b5 30. b3 h5 $132) 30. a3 Nd3 31. Rd2 (31. Kc2 b5 32. b3 Rc8 33. bxc4 Nf2
$1 $132) 31... Nc5 $5 {Black decided to play RR endgame. This endgame is drawn,
but not simple!} (31... h5 $6 32. Kc2 h4 33. Kc3 hxg3 34. hxg3 b5 35. Rh2 Rg8
36. Rh6+ Rg6 37. Rxg6+ Kxg6 38. Nc7 $16) (31... b5 $1 32. Kc2 b4 $1 $132) 32.
Nxc5 dxc5 {[%mdl 4096]} 33. d6 (33. Kc2 b5 $1 34. d6 Ke6 35. Re2+ Kd7 36. Re5
Rxe5 37. fxe5 b4 $11) (33. a4 $5 Re3 34. Kc2 (34. d6 $6 Rd3 35. Kc2 Rxd2+ 36.
Kxd2 Ke6 37. Kc3 Kxd6 38. Kxc4 Kc6 $15) 34... Ke7 35. d6+ Kd7 36. Rd5 Re2+ 37.
Kc3 Rxh2 $11) 33... Ke6 34. a4 Rd8 35. Re2+ Kxd6 36. Re5 a6 (36... Rf8 37. Kc2
a6 38. a5 Kc6 39. Kc3 Kb5 40. Re7 $16) 37. a5 Kc6 38. Rxf5 Rd2 $6 {Bad plan
start.} ({Right was} 38... Rd7 $1 {Black's plan is to change Pc5 for Pa5 and
to promote PP on the queenside:} 39. Kc2 Kb5 40. g4 (40. h4 Kxa5 41. Rxc5+ Kb4
42. Re5 Rg7 43. Rg5 Rf7 $132) (40. Kc3 Rd3+ 41. Kc2 Rd7 $11) 40... Kxa5 41.
Rxc5+ Kb4 42. Rh5 b5 43. f5 Kc5 44. Rh6 a5 45. Re6 $132) 39. Rh5 c3 $2 $16 {
Terrible move.} ({Why not} 39... Rd7 {[%csl Gh7]} 40. Kc2 Kb5 $132) 40. bxc3
Kb5 41. Kc1 $1 (41. Rxh7 Kc4 42. Rxb7 Rxh2 43. f5 Kxc3 44. Rb6 Rh1+ 45. Ka2
Rh2+ 46. Ka3 Rh1 47. Rb3+ Kc2 48. Ka2 Rf1 49. g4 Rg1 50. Rb2+ Kc3 51. Rf2 Rxg4
52. f6 $11) 41... Rf2 $2 $18 ({It was very difficult to play} 41... Rd7 $1 {
-to recognize mistake on 39 move.} 42. Kc2 Rc7 43. Re5 Kxa5 44. g4 Kb5 45. f5
$16) 42. Kd1 $1 Kc4 43. Ke1 Rc2 (43... Ra2 44. f5 Rxa5 45. f6 Ra1+ 46. Ke2 $18)
44. f5 Rxc3 45. Ke2 $1 {[%csl Rc3]} Kd4 46. f6 Re3+ 47. Kf2 Re8 48. Rxh7 Rf8
49. Rd7+ $1 {[%csl Rb7][%cal Gf6f7]} 1-0

[Event "United Insurance 5th"]
[Site "Dhaka"]
[Date "2001.02.28"]
[Round "9"]
[White "Murshed, Niaz"]
[Black "Miezis, Normunds"]
[Result "1-0"]
[WhiteElo "2457"]
[BlackElo "2532"]
[Annotator "Tsesarsky,I"]
[PlyCount "145"]
[EventDate "2001.02.19"]
[EventType "tourn"]
[EventRounds "13"]
[EventCountry "BAN"]
[EventCategory "8"]
[SourceTitle "CBM 082"]
[Source "ChessBase"]
[SourceDate "2001.05.17"]
[SourceVersion "1"]
[SourceVersionDate "2001.05.17"]
[SourceQuality "1"]

1. d4 {Solozhenkin} Nf6 2. Nf3 c5 3. d5 e6 4. Nc3 exd5 5. Nxd5 Nxd5 6. Qxd5 Be7
7. e4 Nc6 ({Another plan is} 7... d6 {[%cal Ge8g8]}) 8. Bc4 O-O 9. Qd1 $6 $132
{This move is novelty, quite strange novelty. I don't think, d1 is the best
place for Q. There are many ways to get slight advantage. I really don't
understand, why Miezis plays this variation again and again, he had lost
enough games here. 'N' Solozhenkin.} ({I can recommend} 9. O-O d6 10. Qd3 ({
as well} 10. c3 Be6 11. Qd3 $14 {-see commented game 1-0 Dautov,R-Miezis,N/Bad
Zwesten 1997/CBM 57 [Dautov,R] (26)} Qd7 12. Bf4 Rad8 13. Rad1 Kh8 14. Rfe1 {
Dautov-Miezis,1997. The move in the text gives for Black good chances to
equalize the game..}) (10. Qh5 Qe8 (10... Be6 11. Bxe6 fxe6 12. Ng5 Bxg5 13.
Bxg5 Qb6 14. b3 Rae8 15. Rad1 Qb4 16. c4 Nd4 17. Rd3 g6 18. Qd1 $14 {1-0
Conquest,S-Bellon Lopez,J/France 2000/EXT 2001 (29)}) 11. Bf4 Be6 12. Bd5 Qd7 (
12... Nb4 $132) 13. Bxe6 Qxe6 14. Rfe1 Nb4 $132 {1-0 Piket,J-Cramling,P/
Spijkenisse 1987/EXT 97 (60)}) 10... Bg4 11. c3 Kh8 12. Bd5 f5 13. exf5 Bxf5
14. Qc4 Rb8 15. Re1 $14 {1-0 Huzman,A-Miezis,N/Biel 1993/TD (51)}) (9. Qh5 {
this move purpose is to prepare K attack.} d6 (9... Nb4 10. O-O b5 11. Ng5 Bxg5
12. Bxg5 Qb6 13. Be2 Nxc2 14. Be7 Nxa1 15. Bxc5 g6 16. Qg5 h6 17. Qc1 Qc7 18.
Bxf8 Qxc1 19. Rxc1 Kxf8 20. Rxa1 $14 {1-0 Froehlich,P-Kempter,R/Bayern 1998/
EXT 2000 (42)}) 10. Ng5 (10. h4 Qe8 11. Be3 Bf6 12. O-O-O $1 $14 (12. Ng5 h6
13. O-O-O Ne5 14. Be2 $132 {0-1 Berend,F-Nascimento,A/Manila 1992/TD (39)}))
10... Bxg5 11. Bxg5 Qc7 12. O-O Be6 13. Bxe6 fxe6 14. Rad1 $14 {1-0 Khenkin,
I-Kutuzovic,B/Pula 1990/EXT 2000 (37)}) (9. c3 Na5 (9... d6 10. Bf4 (10. Qh5
Be6 11. Bxe6 fxe6 12. Ng5 (12. h4 Qe8 13. Qxe8 Rfxe8 14. Be3 b5 $132 {0-1
Schandorff,L-Rogers,I/Vejstrup 1989/CBM 15 (35)}) (12. Be3 Qb6 13. O-O-O Qa6
$132 {0-1 Mandel,A-Notkin,M/Cappelle la Grande 1995/EXT 97 (28)}) 12... Bxg5
13. Bxg5 Qe8 14. Qxe8 Raxe8 15. Rd1 Ne5 (15... d5 16. Be3 $16 {1-0 Necada,
M-Rozkovec,H/CZE 1996/EXT 2000 (48)}) 16. Ke2 $14) 10... Be6 11. Qd3 Qd7 12.
O-O $14 {1-0 Rausch,S-Jaenig,R/Seefeld 1999/EXT 2001 (45)}) 10. Be2 d6 11. O-O
Be6 12. Qh5 h6 13. Re1 $14 {1/2-1/2 Remon,A-Hernandez,G/Santa Clara 1991/CBM
26 (51)}) (9. Bf4 $5 b5 10. Be2 Qb6 11. O-O $14 {1-0 Ehlvest,J-Adelman,C/
Philadelphia 1994/EXT 97 (26)}) (9. Ng5 $6 Qe8 10. c3 (10. O-O Nb4 11. Qd1 Bxg5
12. Bxg5 Qxe4 $15 {1-0 Vafiadis,K-Beliaev,S/Ikaria 1998/EXT 2000 (53)}) 10...
d6 11. Be2 h6 12. Nf3 Be6 13. Qd3 f5 $132 {1/2-1/2 Trapl,J-Zvara,P/CZE 1998/
EXT 99 (72)}) 9... d6 10. h3 (10. O-O Bg4 $132 {[%cal Gg4d1]} 11. h3 Bh5 (11...
Bxf3 {Solozhenkin} 12. Qxf3 Ne5 13. Qb3 Nxc4 14. Qxc4 Bf6 15. Bf4 Bxb2 16. Rad1
Re8 17. Bxd6 Qh4 18. Rb1 Rxe4 19. Qd5 $14) 12. Bd5 $14 {and White stands
better.}) 10... Be6 ({Simple and good equalizing plan is} 10... Kh8 {[%cal
Gf7f5]} 11. O-O f5 $11) 11. Bd5 Qd7 (11... Bf6 12. c3 Re8 13. O-O Qe7 {[%cal
Ge7b7,Gc6e5]} 14. Re1 (14. Bf4 Bxd5 15. exd5 Ne5 $11) 14... Ne5 15. Nxe5 Bxe5 (
15... dxe5 16. Qb3 $14) 16. Qd3 $14) 12. O-O Rae8 13. c3 Kh8 14. Re1 f5 15.
Bxe6 Qxe6 16. Qd5 (16. exf5 Qxf5 17. Be3 d5 $11) 16... Qg6 (16... Bd8 $1 17.
Qxe6 (17. Bf4 $4 fxe4 $19) 17... Rxe6 18. exf5 Rxe1+ 19. Nxe1 Rxf5 20. Be3 $11)
17. Bd2 f4 $2 $16 {'?' Solozhenkin.} ({Black was not satisfied by equal
position after} 17... fxe4 18. Qxe4 (18. Rxe4 {Solozhenkin} Rxf3 19. Rxe7 Rxe7
20. Qxf3 Kg8 21. Bf4 Qf5 22. Rd1 Re4 23. Bxd6 (23. g3 {Solozhenkin} Ne5 24. Qg2
g5 (24... d5 $5 {Solozhenkin}) 25. Bxe5 Qxe5)) 18... Qxe4 19. Rxe4 d5 $11 20.
Re6 Bf6 21. Rae1 Rxe6 22. Rxe6 Kg8 $11) 18. Rad1 Ne5 (18... Bd8 19. Bc1 $16)
19. Nxe5 dxe5 20. f3 ({Too dangerous was} 20. Qxe5 $2 Bd6 21. Qd5 Re5 22. Qxb7
f3 {with very strong Attack}) 20... b6 21. Bc1 (21. c4 $4 Rd8 22. Qb7 Bh4 23.
Re2 Rf7 24. Qa6 Rfd7 $17 {[%csl Rd2][%cal Gd8d1]}) 21... Bh4 22. Rf1 h6 23. Qc4
Rd8 24. Qe2 $2 (24. Rd5 $16 {would keep advantage because of white squares
weakness and "bad" dark-color B} Rxd5 25. exd5 Rd8 (25... Qc2 {Solozhenkin} 26.
Qe4 $14) 26. Qe4 Qxe4 (26... Qd6 {Solozhenkin} 27. c4 b5 28. b3 $14) 27. fxe4
h5 28. c4 Bf6 (28... g5 {Solozhenkin} 29. g4 hxg4 30. hxg4 Kg7 31. Kg2 Bg3 32.
Rh1 $14)) 24... Qe6 25. b3 $2 $132 ({Right was} 25. c4 $1 {[%cal Gd1d5]} Rd4
26. b3 Rfd8 27. Bb2 Rxd1 28. Rxd1 $16 {[%csl Gb2,Rc5,Re5,Rh4]}) 25... c4 $1 {
[%csl Rc3] Solozhenkin: 'Black finds an ineresting chance to avoid a ruther
dull defence without any counterplay.'} ({Or} 25... Rxd1 26. Rxd1 Rd8 27. c4
Bf6 28. Rd5 $16) 26. Qxc4 (26. bxc4 Rxd1 (26... Be7 27. Rd5 Bc5+ 28. Kh1 $16 {
[%csl Gd5][%cal Gf1d1]}) 27. Rxd1 Rc8 28. Rd5 Be7 (28... Bf6 29. c5 Rxc5 30.
Rxc5 bxc5 31. c4 Bh4 32. Qd3 Qb6 $132) 29. Qd3 Bc5+ 30. Kf1 Kh7 $44) 26... Qxc4
27. bxc4 Rxd1 28. Rxd1 Rc8 29. Rd7 Rxc4 30. Bb2 a5 $2 $16 {Badly! '?'
Solozhenkin.} ({Right was} 30... Be1 $1 {[%csl Rc3] and Black equalizes:} 31.
Rd3 ({Or} 31. Rxa7 Bxc3 32. Bxc3 Rxc3 $11 33. a4 Rc8 $11) 31... Kg8 (31... Rc5
{Solozhenkin} 32. Rd5 Rc4 $1 {and his chances to maintain the game seem to be
quite real.}) 32. Kf1 Bh4 33. Rd7 Ra4 34. a3 Kf8 35. c4 Bf6 36. Rc7 Ke8 37. c5
(37. Ke2 $2 Kd8 $17) 37... bxc5 38. Rxc5 g5 (38... Kd7 39. Bxe5 Bxe5 40. Rxe5
Rxa3 41. Rf5 g5 42. h4 Ra1+ 43. Kf2 Ra2+ 44. Kg1 a5 45. hxg5 hxg5 46. Rxg5 a4
47. Kh2 a3 48. Ra5 Ke7 49. Kh3 $16) 39. Bxe5 Bxe5 40. Rxe5+ Kf7 $11) ({Badly
also} 30... a6 $2 31. Kf1 {[%csl Ge1]} b5 32. Ke2 Kg8 33. Kd3 Ra4 34. a3 Kf8
35. Rc7 Be7 36. c4 $1 Bd6 37. Rc6 Bxa3 38. Bxe5 bxc4+ 39. Kc3 Bc1 (39... g5 40.
Rxh6 a5 41. Rc6 $16) 40. Rc8+ Kf7 41. Rc7+ Ke6 42. Bxg7 $16) 31. Kf1 {'+/-'
Solozhenkin.} Rc6 ({Loses} 31... Rc5 32. Rd5 Rxd5 (32... Bf6 33. Rxc5 bxc5 34.
c4 a4 35. Ke2 Kg8 36. Kd3 Kf7 37. Kc2 Ke6 38. Bc3 $18 {[%csl Ra4][%cal Gc2b2,
Gb2a3]}) 33. exd5 b5 34. c4 $1 bxc4 35. Bxe5 $18 {[%csl Rc4,Rf4][%cal Gf1e2,
Ge2d2,Gd2c3]}) 32. Rd5 Bf6 33. Ke2 Kg8 34. Kd3 Kf7 35. c4 Ke6 36. a4 $1 {
[%cal Gc4c5] Black's position is strategically lost. White can realize plan
connected with c4-c5 break creating two weaknesses : Pa5 and Pe5.} Rd6 37. Bc3
Rc6 (37... Rxd5+ 38. cxd5+ (38. exd5+ $2 Kd6 39. Be1 g6 40. Bf2 Bd8 $11) 38...
Kd6 39. Be1 (39. Kc4 $2 Bh4 $1 40. Bb2 Bf2 41. Ba3+ Kd7 42. Kb5 g6 $11) 39...
Kc5 ({or} 39... Bd8 40. Kc4 h5 (40... Kc7 41. Kb5 Kb7 42. Bf2 Bc7 43. d6 Bd8
44. Bg1 $18) 41. Kb5 $18 {[%csl Rb6][%cal Ge1f2]}) 40. Bf2+ Kb4 41. Bxb6 Kxa4
42. Kc4 $18 {[%cal Gd5d8]}) 38. Rb5 ({Here was possible to play} 38. c5 $1 bxc5
({Loses also} 38... Rxc5 39. Rxc5 bxc5 40. Bxa5 Kd6 41. Kc4 Kc6 42. Bc3 $18)
39. Kc4 $18 {-like in this game}) 38... Rd6+ 39. Kc2 Rc6 40. Kd3 Rd6+ 41. Rd5
Bd8 42. Kc2 Bf6 43. Kb3 Rc6 44. c5 $1 {At last '+-!' Solozhenkin. Solozhenkin:
'After this standard break Black's position is going to be undefendable.'} bxc5
45. Kc4 Rb6 46. Bxa5 ({Wins also} 46. Rxc5 Rb1 47. Rb5 {[%csl Ga4,Ra5,Gg2]
[%cal Gb5b2]} (47. Rxa5 Rg1 48. Ra6+ Kd7 49. a5 Rxg2 50. Kd5 Rf2 51. Ra7+ Kc8
52. a6 Rxf3 53. Bxe5 Bxe5 54. Kxe5 g5 55. Rh7 Kb8 56. Rxh6 Rg3 57. h4 gxh4 58.
Kxf4 Ra3 59. Rh8+ $1 Ka7 60. Rxh4 Kxa6 61. Rh1 Kb7 62. Rc1 $18) 47... Rg1 48.
Rb2 Bd8 49. Kb5 $18 {[%csl Ra5]}) 46... Rb1 (46... Rb2 47. Bd2 Be7 (47... Ra2
48. a5 $18) 48. Rxe5+ $18) 47. Bc3 Rg1 48. Rd2 Bh4 49. a5 Rc1 50. a6 $1 Be1 51.
Ra2 (51. Rd3 Bxc3 52. Rxc3 Ra1 53. Kb5 $18) 51... Rxc3+ 52. Kb5 Rb3+ 53. Kc6
Rb8 54. a7 Rc8+ 55. Kb7 Kd7 56. a8=Q Rxa8 57. Rxa8 c4 58. Rc8 c3 59. Rc7+ Kd6
60. Rc6+ Kd7 61. Rc4 h5 62. Ka6 g5 63. Kb5 Bd2 64. Ka4 Ke6 65. Kb3 Be1 66. Rc6+
Kf7 (66... Kd7 67. Rg6 h4 68. Rxg5 Kd6 69. Rh5 Ke6 70. Rh6+ Kd7 71. Rg6 $18)
67. Kc4 Ke7 68. Kd5 Kd7 69. Rc4 Bd2 70. Kxe5 Bc1 71. Kf5 Bb2 72. Kxg5 Ke6 73.
Kxh5 1-0